000 00197 a2200085 4500
245 _aThe nigger of the Narcissus Typhoon
_hText
100 _aJoseph Conrad
650 _aliterature
005 20191017173413.0
084 _aPR685ON5
999 _c10211
_d10211